000 00993nam a22002657a 4500
001 06224
003 HDC
007 cr bn ---aaaaa
008 210123b20072007xxu||||| |||| 00| 0 eng d
020 _a9780849371967
040 _aHDC
100 _aStrickman, Daniel
_eauthor
_96557
245 0 _aOlder Active Ingredients and Current Additives
_c/ Daniel Strickman
260 _aUnited States:
_bCRC Press,
_c2007
300 _a1 online resource (24 pages)
336 _atext
_2rdacontent
337 _acomputer
_2rdamedia
338 _aonline resource
_2rdacarrier
500 _aOriginally from: Insect Repellents: Principles, Methods, and Uses, 2007 (pages 361-383)
_aIncludes bibliographical references
650 _aInsect baits and repellents
_96558
856 _zRequest full-text at [email protected]
942 _2lcc
942 _cCHAP
942 _kEBCH 004239
999 _c3548
_d3548